Constitutional Boundaries of Public Aid to Parochial Schools : An Analysis of Meek v. Pittenger.

Examines the constitutional implications of the Supreme Court decision in Meek v. Pittenger, a case involving Pennsylvania programs providing auxiliary services and textbooks, and lending instructional materials and equipment to church-related and other nonpublic schools.

Bibliographic Details
Corporate Authors: Library of Congress. Congressional Research Service, ProQuest (Firm)
Format: eBook
Language:English
Published: [Place of publication not identified] : [publisher not identified], 1975.
Series:U.S. Congressional Research.
Subjects:
Online Access:Connect to the full text of this electronic book

MARC

Tag First Indicator Second Indicator Subfields
LEADER 00000cam a22000001a 4500
001 in00003358721
006 m d f
007 cr bn mmmapmmp
008 100607s1975 dcu o f000 0 eng d
005 20260429174640.4
035 |a cis2007874779 
040 |a ProQuest  |c ProQuest  |d UtOrBLW 
043 |a n-us--- 
099 |a CRS-1975-AML-0003 
110 2 |a Library of Congress.  |b Congressional Research Service. 
245 1 0 |a Constitutional Boundaries of Public Aid to Parochial Schools :  |b An Analysis of Meek v. Pittenger. 
264 1 |a [Place of publication not identified] :  |b [publisher not identified],  |c 1975. 
300 |a 1 online resource. 
336 |a text  |b txt  |2 rdacontent 
337 |a computer  |b c  |2 rdamedia 
338 |a online resource  |b cr  |2 rdacarrier 
500 |a Record is based on bibliographic data in ProQuest U.S. Congressional Research Digital Collection (last viewed June 2010). Reuse except for individual research requires license from ProQuest, LLC. 
500 |a CRS Report. 
520 |a Examines the constitutional implications of the Supreme Court decision in Meek v. Pittenger, a case involving Pennsylvania programs providing auxiliary services and textbooks, and lending instructional materials and equipment to church-related and other nonpublic schools. 
500 |a Electronic resource. 
650 0 |a Judge-made law. 
650 0 |a Church and state. 
650 0 |a Private schools. 
655 7 |a Electronic books.  |2 local 
710 2 |a ProQuest (Firm) 
776 0 8 |i Microfiche version:   |a Library of Congress. Congressional Research Service.  |t Constitutional Boundaries of Public Aid to Parochial Schools 
830 0 |a U.S. Congressional Research. 
856 4 0 |u http://proxy.library.tamu.edu/login?url=https://congressional.proquest.com/congcomp/getdoc?CRDC-ID=CRS-1975-AML-0003  |z Connect to the full text of this electronic book  |t 0 
999 |a MARS 
999 f f |s d8214385-c30c-3271-b542-b38413605ef6  |i 03e8b735-a385-30a0-9053-5f619567fdde  |t 0 
952 f f |a Texas A&M University  |b College Station  |c Electronic Resources  |s www_evans  |d Available Online  |t 0  |e CRS-1975-AML-0003  |h Other scheme 
998 f f |a CRS-1975-AML-0003  |t 0  |l Available Online